|
|
|
|
| LEADER |
01268nam a22003257a 4500 |
| 001 |
39594 |
| 003 |
BD-DhAAL |
| 008 |
220927t1989 enka|||| b||| 001 0 eng d |
| 020 |
|
|
|a 0393027333
|
| 020 |
|
|
|a 0393958582
|
| 040 |
|
|
|a BD-DhAAL
|c BD-DhAAL
|
| 082 |
|
|
|a 330.015193
|2 23
|
| 245 |
|
|
|a Game theory /
|c edited by John Eatwell, Murray Milgate, Peter Newman.
|
| 250 |
|
|
|a First American edition.
|
| 260 |
|
|
|a New York ;
|a London :
|b W. W. Norton,
|c 1989.
|
| 300 |
|
|
|a xii, 264 pages :
|b illustrations ;
|c 23 cm
|
| 490 |
|
|
|a The New Palgrave
|
| 500 |
|
|
|a Extracts from: The new Palgrave : a dictionary of economics.
|
| 504 |
|
|
|a Includes bibliographical references and index.
|
| 541 |
|
|
|a Donated by Akbar Ali Khan
|e 39594
|
| 650 |
|
|
|a Economics, Mathematical.
|9 51626
|
| 650 |
|
|
|a Game theory.
|9 51630
|
| 700 |
|
|
|a Eatwell, John
|9 51627
|
| 700 |
|
|
|a Milgate, Murray
|9 51628
|
| 700 |
|
|
|a Newman, Peter
|9 51629
|
| 830 |
|
|
|a The New Palgrave
|9 57329
|
| 852 |
|
|
|a Ayesha Abed Library
|c Akbar Ali Khan Collection
|
| 942 |
|
|
|2 ddc
|c BK
|
| 999 |
|
|
|c 44919
|d 44919
|
| 952 |
|
|
|0 0
|1 0
|2 ddc
|4 0
|6 330_015193000000000_GAM
|7 1
|9 71889
|a BRACUL
|b BRACUL
|c AAKC
|d 2022-09-27
|e Donated by Akbar Ali Khan
|l 0
|o 330.015193 GAM
|p 3010039594
|r 2022-09-27
|t 1
|w 2022-09-27
|y BK
|x Donated by Akbar Ali Khan
|